000 00729nam a2200217 a 4500
999 _c3436
_d3436
001 3436
003 BD-JhCC
005 20171113194135.0
008 171113s1986 bg |||| |||| 000 0 mul d
035 _a(BD-JhCC)3436
040 _aBD-JhCC
_dBD-JhCC
041 _aBengali and English
082 _a891.4409
_bCHU 1986
100 _aচৌধুরী, আবুল কাশেম
245 _aমূল্যবোধের অবক্ষয় :
_bআপেক্ষিকতার আলোকে /
_cআবুল কাশেম চৌধুরী.
260 _aঢাকা :
_bমুক্তধারা,
_c1986.
300 _a80 p. :
_c20 cm.
650 _aBengali Literature
942 _2ddc
_cBK